UBT Library

Skinny bitch : (Record no. 43461)

000 -LEADER
fixed length control field 00969cam a22002657a 4500
001 - CONTROL NUMBER
control field 14994422
005 - DATE AND TIME OF LATEST TRANSACTION
control field 20180226080433.0
008 - FIXED-LENGTH DATA ELEMENTS--GENERAL INFORMATION
fixed length control field 070905s2005 pau b 000 0 eng d
010 ## - LIBRARY OF CONGRESS CONTROL NUMBER
LC control number 2005901966
020 ## - INTERNATIONAL STANDARD BOOK NUMBER
International Standard Book Number 9780762424931 (pbk.)
020 ## - INTERNATIONAL STANDARD BOOK NUMBER
International Standard Book Number 0762424931 (pbk.)
035 ## - SYSTEM CONTROL NUMBER
System control number (OCoLC)ocm62777353
040 ## - CATALOGING SOURCE
Original cataloging agency JBL
Transcribing agency JBL
Modifying agency BAKER
-- BTCTA
-- CPL
-- DLC
041 ## - LANGUAGE CODE
Language code of text/sound track or separate title eng
042 ## - AUTHENTICATION CODE
Authentication code lccopycat
080 ## - UNIVERSAL DECIMAL CLASSIFICATION NUMBER
Universal Decimal Classification number 613.25 FRE
082 04 - DEWEY DECIMAL CLASSIFICATION NUMBER
Classification number 613.25 FRE
Edition number 22
100 1# - Rafti
Rafti 10
101 ## - Shkurtesa
Shkurtesa NUT
245 10 - TITLE STATEMENT
Title Skinny bitch :
Statement of responsibility, etc by Rory Freedman and Kim Barnouin.
504 ## - BIBLIOGRAPHY, ETC. NOTE
Bibliography, etc Includes bibliographic references (p. [193]-223).
906 ## - LOCAL DATA ELEMENT F, LDF (RLIN)
a 7
b cbc
c copycat
d 2
e ncip
f 20
g y-gencatlg
942 ## - ADDED ENTRY ELEMENTS (KOHA)
Source of classification or shelving scheme
Item type Books
Holdings
Withdrawn status Lost status Source of classification or shelving scheme Damaged status Not for loan Collection code Permanent location Current location Shelving location Date acquired Total Checkouts Full call number Barcode Date last seen Price effective from Koha item type
          Koleksioni i përgjithshem UBT - Lipjan UBT - Lipjan Koleksioni i përgjithshem 02/26/2018   613.25 FRE 002-2999791 02/26/2018 02/26/2018 Books
UBT Library © 2015-2024. All rights reserved University Education for Business and Technology